Teoría sociológica: una introducción crítica

Guardado en:
Detalles Bibliográficos
Autor principal: Moya Valganón, Carlos Vicente (autor)
Formato: Libro
Lenguaje:español
Publicado: Barcelona Taurus 1971
Colección:Ensayistas de hoy
Materias:
Etiquetas: Agregar Etiqueta
Sin Etiquetas, Sea el primero en etiquetar este registro!

MARC

LEADER 00000nam a2200000 a 4500
001 UCY7274
003 CL-VaPUC
008 950609e19710000SP |||||||||||||||||spa|d
082 0 4 |a 302.072  |b MOY  |2 21 
100 |a Moya Valganón, Carlos Vicente  |e autor  |9 443959 
245 1 0 |a Teoría sociológica: una introducción crítica 
300 |a 318 p 
942 |c BK 
945 |d 19950609 00:00:00  |a cmena 
260 |a Barcelona  |b Taurus  |c 1971 
650 0 |a Sociología   |9 255410 
650 0 |a Ciencias sociales   |9 256351 
650 0 |a Psicología social   |9 222894 
650 0 |a Naturaleza humana   |9 308593 
650 7 |a MEDIO HUMANO  |2 CL-VaPUC  |9 337677 
650 0 |a Interacción social   |9 307764 
650 7 |a ESTRUCTURA SOCIAL  |2 CL-VaPUC  |9 337678 
650 0 |a Sociología de la comunicación  |9 337679 
650 0 |a Lógica  |9 256849 
650 0 |a Juicio de valor  |9 337015 
650 0 |a Valor  |9 323720 
650 0 |a Sociedad contemporánea  |9 337179 
583 |a last modification  |c 19950609 00:00:00  |k Rodrigo Vera 
490 0 |a Ensayistas de hoy 
999 |c 234689  |d 234687 
952 |0 0  |1 0  |4 0  |6 302_072000000000000_MOY_1971  |7 0  |8 P  |9 241305  |a BIBEDU  |b BIBEDU  |c BIBEDU_PB  |d 2019-11-18  |i 1517635  |o 302.072 MOY 1971  |p 1517635  |r 2019-11-18  |w 2019-11-18  |y BK  |k EDU